<?xml version="1.0" encoding="UTF-8"?>
<collection xmlns="http://www.loc.gov/MARC21/slim">
 <record>
  <leader>01399nam a22002417a 4500</leader>
  <controlfield tag="001">NCT_88110</controlfield>
  <controlfield tag="008">201223b        xxu||||| |||| 00| 0 vie d</controlfield>
  <datafield tag="999" ind1=" " ind2=" ">
   <subfield code="c">4344</subfield>
   <subfield code="d">4344</subfield>
  </datafield>
  <datafield tag="020" ind1=" " ind2=" ">
   <subfield code="a">0071244492</subfield>
  </datafield>
  <datafield tag="082" ind1="0" ind2="4">
   <subfield code="2">23rd ed.</subfield>
   <subfield code="a">530.14</subfield>
   <subfield code="b">H426</subfield>
  </datafield>
  <datafield tag="100" ind1="1" ind2=" ">
   <subfield code="a">Hayt, William H.</subfield>
  </datafield>
  <datafield tag="245" ind1="1" ind2="0">
   <subfield code="a">Engineering electromagnetics</subfield>
   <subfield code="c">William H. Hayt, John A. Buck</subfield>
  </datafield>
  <datafield tag="250" ind1=" " ind2=" ">
   <subfield code="a">7th ed.</subfield>
  </datafield>
  <datafield tag="260" ind1=" " ind2=" ">
   <subfield code="a">New York</subfield>
   <subfield code="b">McGraw-Hill Higher Education</subfield>
   <subfield code="c">2006</subfield>
  </datafield>
  <datafield tag="300" ind1=" " ind2=" ">
   <subfield code="a">xix, 582 p.</subfield>
   <subfield code="c">24cm</subfield>
   <subfield code="e">1 CD ROM </subfield>
  </datafield>
  <datafield tag="500" ind1=" " ind2=" ">
   <subfield code="a">Includes index</subfield>
  </datafield>
  <datafield tag="520" ind1="3" ind2=" ">
   <subfield code="a">Engineering Electromagnetics is a &quot;classic&quot; book that has been updated for electromagnetics in today's world. This widely respected book stresses fundamentals and problem solving and discusses the material in an understandable, readable way. Numerous illustrations and analogies are provided to the aid the reader in grasping difficult concepts. In addition, independent learning is facilitated by the presence of many examples and problems.</subfield>
  </datafield>
  <datafield tag="653" ind1=" " ind2=" ">
   <subfield code="a">Kỹ thuật cơ khí động lực</subfield>
  </datafield>
  <datafield tag="700" ind1="1" ind2=" ">
   <subfield code="a">Buck, John A.</subfield>
  </datafield>
  <datafield tag="942" ind1=" " ind2=" ">
   <subfield code="2">ddc</subfield>
   <subfield code="c">BK</subfield>
  </datafield>
  <datafield tag="952" ind1=" " ind2=" ">
   <subfield code="0">0</subfield>
   <subfield code="1">0</subfield>
   <subfield code="2">ddc</subfield>
   <subfield code="4">0</subfield>
   <subfield code="6">530_140000000000000_H426</subfield>
   <subfield code="7">0</subfield>
   <subfield code="9">20947</subfield>
   <subfield code="a">000001</subfield>
   <subfield code="b">000001</subfield>
   <subfield code="d">2020-12-23</subfield>
   <subfield code="o">530.14 H426</subfield>
   <subfield code="p">MD.18224</subfield>
   <subfield code="r">2020-12-23</subfield>
   <subfield code="w">2020-12-23</subfield>
   <subfield code="y">BK</subfield>
  </datafield>
  <datafield tag="952" ind1=" " ind2=" ">
   <subfield code="0">0</subfield>
   <subfield code="1">0</subfield>
   <subfield code="2">ddc</subfield>
   <subfield code="4">0</subfield>
   <subfield code="6">530_140000000000000_H426</subfield>
   <subfield code="7">0</subfield>
   <subfield code="9">20948</subfield>
   <subfield code="a">000001</subfield>
   <subfield code="b">000001</subfield>
   <subfield code="d">2020-12-23</subfield>
   <subfield code="o">530.14 H426</subfield>
   <subfield code="p">MD.18225</subfield>
   <subfield code="r">2020-12-23</subfield>
   <subfield code="w">2020-12-23</subfield>
   <subfield code="y">BK</subfield>
  </datafield>
  <datafield tag="980" ind1=" " ind2=" ">
   <subfield code="a">Thư viện Trường Đại học Nam Cần Thơ</subfield>
  </datafield>
 </record>
</collection>
